Governing through crime (Registro nro. 307975)

Detalles MARC
000 -ENCABEZADO
Número de control [NR] 01698cam a2200301Mi 4500
001 - NÚMERO DE CONTROL
control field ocn758698603
003 - IDENTIFICADOR DE CONTROL NÚMERO
control field Co-BoUCM
005 - FECHA Y HORA DE LA ÚLTIMA TRANSACCIÓN
control field 20171117113630.0
008 - DE LONGITUD FIJA DE DATOS DE ELEMENTOS - INFORMACIÓN GENERAL
Elementos de longitud fija [NR] 171117s2009 enka f b 001 e eng d
020 ## - NUMERO INTERNACIONAL NORMALIZADO PARA LIBROS [R]
Número Internacional Normalizado del libro [NR] 9780195386011
020 ## - NUMERO INTERNACIONAL NORMALIZADO PARA LIBROS [R]
Número Internacional Normalizado del libro [NR] 0195386019
035 ## - NUMERO DE CONTROL DEL SISTEMA [R]
Número de control del sistema [NR] (OCoLC)758698603
040 ## - FUENTE DE CATALOGACION [NR]
Agencia de catalogación original [NR] Co-BoUCM
Idioma de catalogación [NR] spa
Quien Cataloga Saul Niño
Quien Clasifica Saul Niño
041 0# - CODIGO DE IDIOMA [R]
Código de idioma para texto/pista de sonido o título separado [R] Inglés
100 1# - ASIENTO PRINCIPAL--NOMBRE PERSONAL [NR]
Nombre personal [NR] Simon, Jonathan
ID Autoridad 89150
245 10 - MENCION DE TITULO [NR]
Título [NR] Governing through crime
Parte restante del título [NR] how the war on crime transformed American democracy and created a culture of fear
Mención de responsabilidad, etc. [NR] Jonathan Simon
260 ## - PUBLICACION, DISTRIBUCION, ETC. (PIE DE IMPRENTA) [R]
Lugar de publicación, distribución, etc. [R] Oxford
-- New York
Nombre del editor, distribuidor, etc. [R] Oxford University Press
Fecha de publicación, distribución, etc. [R] 2009
300 ## - DESCRIPCION FISICA [R]
Extensión [R] vii, 330 páginas
Otros detalles físicos [NR] ilustraciones
490 0# - MENCION DE SERIE [R]
Mención de serie [R] Studies in crime and public policy
505 0# - NOTA DE CONTENIDO CON FORMATO PREESTABLECIDO [R]
Nota de contenido con formato preestablecido [NR] Introduction : crime and American governance -- Power, authority, and criminal law -- "Prosecutor-in-Chief": executive authority since the war on crime -- We the victims : fearing crime and making law -- Judgment and distrust : the jurisprudence of crime and the decline of judicial government -- Project exile : race, the war on crime, and mass imprisonment -- Crime families : governing domestic relations through crime -- Safe schools : reforming education through crime -- Penalty box : crime, victimization and punishment in the deregulated work place -- Wars of governance : from cancer to crime to terror.
546 ## - NOTA DE IDIOMA [R]
Nota de idioma [NR] Texto en inglés
650 #7 - ASIENTO SECUNDARIO DE MATERIA - TERMINO TEMATICO [R]
Término temático o nombre geográfico como elemento de entrada [NR] Crimen
Subdivisión general [R] Aspectos políticos
Subdivisión geográfica [R] Estados Unidos
9 (RLIN) 12140
650 #7 - ASIENTO SECUNDARIO DE MATERIA - TERMINO TEMATICO [R]
Término temático o nombre geográfico como elemento de entrada [NR] Crimen
Subdivisión general [R] Historia
Subdivisión cronológica [R] Siglo XX
9 (RLIN) 12140
650 #7 - ASIENTO SECUNDARIO DE MATERIA - TERMINO TEMATICO [R]
Término temático o nombre geográfico como elemento de entrada [NR] Administración de justicia penal
Subdivisión geográfica [R] Estados Unidos
Subdivisión cronológica [R] Siglo XX
9 (RLIN) 8547
650 #7 - ASIENTO SECUNDARIO DE MATERIA - TERMINO TEMATICO [R]
Término temático o nombre geográfico como elemento de entrada [NR] Prevención del delito
9 (RLIN) 22272
942 ## - ELEMENTOS DE ENTRADA AGREGADOS (KOHA)
Sistema de clasificación DEWEY
Tema principal Sociología
Tipo de ítem principal el descrito en 300a Libro
Edición 1
Clasificación 364.4
Parte restante de la signatura top. S594g
Existencias
Signatura topográfica Código de barras Última vez visto Ejemplar Costo de reposición Price effective from Tipo de ítem Nota pública (OPAC) Perdido Sistema de clasificación Dañado No prestable Tipo de ítem específico Suprimido Ubicación habitual Ubicación actual Localización Fecha de creación Proveedor Forma de adquisición Costo
364.4 S594g 100155433 04/12/2025 Ej.1 68835.00 08/11/2017 Libro Spot Criminología e Investigación Criminal   DEWEY     Libro   Claustro Claustro 3er piso 08/11/2017 15 Compra 68835.00